| 000 | 01263cam a22003138a 4500 | ||
|---|---|---|---|
| 001 | 16428523 | ||
| 005 | 20100824182412.0 | ||
| 008 | 100823s2011 nyu 000 0 eng | ||
| 010 | _a2010034606 | ||
| 020 | _a9781402764554 | ||
| 020 | _a9781402764554 | ||
| 040 |
_aDLC _cDLC |
||
| 050 | 0 | 0 |
_aBF637.S4 _bG47 2011 |
| 082 | 0 | 0 |
_a158 _222 _bGER |
| 100 | 1 |
_aGershon, David. _923234 |
|
| 245 | 1 | 0 |
_aEmpowerment : _bThe Art of Creating Your Life as You Want it / _cDavid Gershon and Gail Straub. |
| 250 | _a2nd ed. | ||
| 260 |
_aNew York : _bSterling Pub., _cc2011. |
||
| 263 | _a1101 | ||
| 300 |
_axv, 239 p. ; _c22 cm. |
||
| 505 | 0 | _aIntroduction to empowerment -- Crafting reality with thought -- Personal power -- Core beliefs -- Emotions -- Relationships -- Sexuality -- The body -- Money -- Work -- Spirituality -- Always growing! Making your passion happen. | |
| 650 | 0 |
_aSelf-realization. _923235 |
|
| 650 | 0 |
_aVisualization. _923236 |
|
| 653 |
_bGeneral _cApril2011 |
||
| 700 | 1 |
_aStraub, Gail. _923237 |
|
| 942 |
_2ddc _cBB |
||
| 999 |
_c15155 _d15155 |
||